000 00758nam a22001937a 4500
005 20240812130705.0
010 _aHIN-128152
020 _a9789394049024
_c920.00
035 _aHN-100498
037 _bDBAD
082 _a158.1
100 _aरॉय ,मनोहर
_969867
245 _aअपना करियर सँवारे/
_cरॉय ,मनोहर
250 _a1
260 _aदिल्ली
_bआर्यन पब्लिकेशन
_c2021
270 _a 1/11137, तीसरी मंजिल, गली नो.10 सुभाष पार्क, शाहदरा,
_bदिल्ली
_e110032
300 _a200 पृ.
_c22सेमी(सजिल्द)
942 _2ddc
_cHN
_h158.1
_mरॉयम
999 _c204989
_d204989